00376nam a2200121Ia 4500008004100000041000800041082001200049100002000061245007900081260003900160300001800199520003700217240719s9999 xx 000 0 und d aeng a823 DES aDeshmuk, Sushma aHats Off To You: Inspiring Stories Of Common People With An Uncommon Side  aNagpurbSarojini Publicationc2022 a223 P.; 22 Cm aGifted By Prof. Smita Dabholkar